Učebnica pre zdravotnícke družiny ČSČK

Bibliographic Details
Main Authors: Fuciman, František (Author), Jandečka, Jiří (Author), Jeřábek, Jiří, 1950- (Author), Korbel, Zdeněk (Author), Krsek, Miloslav (Author), Kubíčková, Růžena (Author), Malát, Lubomír (Author), Novák, Jozef (Author), Pavlus, Zdeněk (Author), Peřina, Jiří (Author), Pípal, Miloslav (Author), Prošek, Milan (Author), Ráboň, Vítězslav (Author), Ročeň, Jozef (Author), Tomeček, Ivan (Author), Vaňásek, Jaroslav (Author)
Other Authors: Gordan, Jozef (Translator), Špaček, Jaroslav, zomrel 1979
Format: Book
Language:Slovak
Czech
PhysicalDescription:262, [8] s. 8°
Published: Martin Osveta 1957
Subjects:

MARC

LEADER 00000nam a2200000 a 4500
001 vtls008322707
003 SK-MaSNL
005 20260302003656.0
008 181127s1957 xo 000 slo
015 |a SKSNBA1957/07-01007 
035 |a SK01SNK19570014924 
035 |a SKM000017387 
040 |a SNK  |b slo  |c SNK  |e AACR2 
041 1 |a slo  |h cze 
044 |a xo  |c SK 
080 |a 614.88(075)  |2 1981 
245 1 0 |a Učebnica pre zdravotnícke družiny ČSČK  |c autori: František Fuciman, Jiří Jandečka, Jiří Jeřábek, Zdeněk Korbel, Miloslav Krsek, Růžena Kubíčková, Lubomír Malát, Jozef Novák, Zdeněk Pavlus, Jiří Peřina, Miloslav Pípal, Milan Prošek, Vítězslav Ráboň, Jozef Ročeň, Jaroslav Špaček, Ivan Tomeček, Jaroslav Vaňásek ; z čes. rkp. predlohy prel. Jozef Gordan 
260 |a Martin  |b Osveta  |c 1957  |e Ružomberok  |f Severoslovenské tlačiarne 
300 |a 262, [8] s.  |c 8° 
500 |a Ilustr. Tab. 
500 |a Vyd. SV ČSČK 
563 |a 12300 výtl. 
610 2 7 |a Československý Červený kríž (organizácia)  |2 SNK  |9 199903 
650 0 7 |a zdravotníctvo  |x prvá pomoc  |x učebnice  |2 SNK  |9 344848 
655 7 |a učebnice  |2 SNKPH  |9 22521 
700 1 |a Fuciman, František  |4 aut  |9 363740 
700 1 |a Jandečka, Jiří  |4 aut  |9 241659 
700 1 |a Jeřábek, Jiří,  |d 1950-  |4 aut  |9 12108 
700 1 |a Korbel, Zdeněk  |4 aut  |9 642704 
700 1 |a Krsek, Miloslav  |4 aut  |9 642705 
700 1 |a Kubíčková, Růžena  |4 aut  |9 642706 
700 1 |a Malát, Lubomír  |4 aut  |9 642707 
700 1 |a Novák, Jozef  |4 aut  |9 154741 
700 1 |a Pavlus, Zdeněk  |4 aut  |9 642708 
700 1 |a Peřina, Jiří  |4 aut  |9 518697 
700 1 |a Pípal, Miloslav  |4 aut  |9 642709 
700 1 |a Gordan, Jozef  |4 trl  |9 278790 
700 1 |a Prošek, Milan  |4 aut  |9 642710 
700 1 |a Ráboň, Vítězslav  |4 aut  |9 642711 
700 1 |a Ročeň, Jozef  |4 aut  |9 642712 
700 1 |a Špaček, Jaroslav,  |d zomrel 1979  |9 197177 
700 1 |a Tomeček, Ivan  |4 aut  |9 589411 
700 1 |a Vaňásek, Jaroslav  |4 aut  |9 627042 
852 |a Slovenská národná knižnica v Martine  |b 10000  |h SD 13624 
852 |a Slovenská národná knižnica v Martine  |b 10000  |h SD 13624 D1 
919 |a brož. 
958 |a OND 
958 |a TL 
958 |a RK 
958 |a ME 
958 |a CZ 
958 |a OP 
999 |c 992921  |d 994851 
952 |a SNK  |b SNK  |y PREZ  |7 0  |p 17A0507081  |o snkSD 13624  |i snkKSP 1803/57  |0 0  |1 0  |4 0  |d 2006-05-05  |l 0  |r 2025-11-27 00:00:00  |w 2026-02-24